An account of the facts which appeared on the late enquiry into the loss of Minorca, from authentic papers. By the Monitor.

Bibliographic Details
Main Author: Monitor
Format: eBook
Language:English
Edition:The second edition.
Series:Eighteenth century collections online.
Online Access:Full text online

MARC

Tag First Indicator Second Indicator Subfields
LEADER 00000cam a2200000 4500
001 in00001886513
006 m | d |
007 cr |n||||||||n
008 860821s1757 enk|||| s 00||||eng d
005 20260403175003.7
035 |a (CStRLIN)ESTCT164024 
040 |a Uk-ES  |c Uk-ES  |d CStRLIN  |d Thomson Gale  |d UtOrBLW 
100 0 |a Monitor. 
245 1 3 |a An account of the facts which appeared on the late enquiry into the loss of Minorca, from authentic papers. By the Monitor. 
250 |a The second edition. 
264 3 |a London :  |b printed for J. Scott,  |c 1757. 
300 |a 2 unnumbered pages, 174p. ;  |c 8⁰. 
336 |a text  |b txt  |2 rdacontent 
337 |a computer  |b c  |2 rdamedia 
338 |a online resource  |b cr  |2 rdacarrier 
500 |a Reproduction of original from the British Library. 
510 4 |a English Short Title Catalog,  |c ESTCT164024. 
533 |a Electronic reproduction.  |b Farmington Hills, Mich. :  |c Thomson Gale,  |d 2003.  |n Available via the World Wide Web.  |n Access limited by licensing agreements  |7 s2003 miunns 
500 |a Electronic resource. 
830 0 |a Eighteenth century collections online. 
856 4 0 |u http://proxy.library.tamu.edu/login?url=https://galenet.galegroup.com/servlet/ECCO?c=1&stp=Author&ste=11&af=BN&ae=T164024&tiPG=1&dd=0&dc=flc&docNum=CW106187621&vrsn=1.0&srchtp=a&d4=0.33&n=10&SU=0LRL+OR+0LRI&locID=txshracd2898  |z Full text online  |t 0 
999 |a MARS 
999 f f |s 179b8392-18ba-35ef-bdac-85de9db2cc5b  |i cb7209a0-7051-3415-ab94-161e237799bb  |t 0 
952 f f |a Texas A&M University  |b College Station  |c Electronic Resources  |s www_evans  |d Available Online  |t 0  |h No information provided 
998 f f |t 0  |l Available Online